| 000 | 00456nam a2200181Ia 4500 | ||
|---|---|---|---|
| 001 | 12703 | ||
| 005 | 20260306163001.0 | ||
| 008 | 260306t2009||||xx |||||||||||||| ||spa|| | ||
| 041 | _aESP | ||
| 082 |
_a985.001 _bO34 |
||
| 100 |
_aRosas Lauro, Claudia (ed.) _eAUT |
||
| 245 | 0 | _aEl odio y el perdón en el Perú siglos XVI al XXI | |
| 260 | _c2009 | ||
| 300 |
_a356 páginas : _c24 cm. |
||
| 650 | _aGEN | ||
| 654 | _aCHU | ||
| 942 |
_cLIB _dJUS _fJUS _2ddc _n |
||
| 999 |
_c12703 _d12703 |
||